=LDR 00000nam 2200000 4500 =001 INLIS000000000028430 =005 20200313100510 =035 ##$$a 0010-061300000028430 =008 200313################g##########0#ind## =041 ##$$a Ind =082 ##$$a 297.98 =090 ##$$a 297.98, Mur i =100 ##$$a Murad, Mushthafa =245 1#$$a Istri-istri para nabi /$c Mushthafa Murad penerjemah, Muhtadi Kadi, Nurhadi =260 ##$$a Jakarta :$b Senayan Abadi Publishing,$c 2004 =300 ##$$a viii, 194 hlm, : $b ilus. ; $c 20 X 14 cm. =650 #4$$a Biografi Tokoh Islam =850 ##$$a NBPNMAT =084 ##$$a 297.98 MUR i =500 ##$$a Judul asli : Zaujaat al-Ambiyaa =700 #$$a Muhtadi Kadi =700 #$$a Nurhadi =990 ##$$a 30709771 =990 ##$$a 30709769